00766nam a2200253Ia 4500003000400000005001700004008004100021020001700062040000700079041000800086082002100094100002800115245001600143250000600159260003800165300001600203365001400219650005100233650002200284906001600306942001200322999001900334952015900353OSt20230410094706.0210423s2008 xx 000 0 und d a100495097918 cAL aeng a155.2223b BURJ aBURGER (Jerry M)985182 aPersonality a7 aNew DelhibCengage Learningc2008 axvi,558bPB b3264cINR aDifferential & Developmental Psychology985183 aPsychology985184 aPersonality 2ddccBK c157070d157070 001040708CPSYaSACPGbSACPGd2009-09-14eKnowledge Worldg3264.00l1o155.2 BURJpPG003546q2024-11-18r2024-07-20 00:00:00s2024-07-20w2021-04-26yBK